000 01194cam a2200265 4500
001 ABS66442
008 030227n2003 000 0 eng u
035 _a(Sirsi) u121458
100 _aBetts, C.
245 4 _aThe last bastion of council housing
260 _c2003
490 _aHousing Today
_v 7 February 2003, 24-29(6)
520 _aReviews current regional social housing policy and practice in South Wales. Housing authorities such as Cardiff are still building and running their own housing stock. However financial pressure is growing to steer authorities down the stock transfer route, the direction which seems to be favoured by the Welsh Assembly. A community mutual model in which a council's housing is transferred to a tenant organisation, which has the status of a housing association is also supported by the assembly. Includes a table of key housing data for South Wales.
590 _aABS
650 _aSTOCK TRANSFER
650 _aREGISTERED SOCIAL LANDLORDS
650 _aCOUNCIL HOUSING
650 _aSOUTH WALES
650 _aSWANSEA
650 _aCARDIFF
650 _aWALES
650 _aNEWPORT
690 _aAffordable housing
_96215
942 _n0
999 _c72178
_d72178